[Event "Íslandsmótið í skák - áskorendaflo"]
[Site "Reykjavik"]
[Date "2021.08.08"]
[Round "3.8"]
[White "Johannsdottir, Johanna Bjorg"]
[Black "Gudnyjarson, Sigurdur Pall"]
[Result "0-1"]
[WhiteElo "2019"]
[BlackElo "1207"]
[PlyCount "163"]
[EventDate "2021.08.07"]

1. e4 e6 2. d3 d5 3. Nd2 c5 4. Ngf3 Nf6 5. g3 Nc6 6. Bg2 dxe4 7. dxe4 e5 8. O-O
Be7 9. Re1 O-O 10. c3 Bg4 11. Qc2 Qc7 12. Nf1 h6 13. Ne3 Bh5 14. Nh4 Rad8 15.
Nef5 Bd6 16. h3 Ne7 17. g4 Bg6 18. g5 hxg5 19. Nxe7+ Bxe7 20. Nxg6 fxg6 21.
Bxg5 Nh5 22. Bxe7 Qxe7 23. Rad1 Nf4 24. Re3 Qg5 25. Rg3 Qh5 26. Rxd8 Rxd8 27.
Bf3 Qh4 28. Bg4 Qf6 29. Kh1 b6 30. Rg1 Nd3 31. Kg2 Qf4 32. Be6+ Kh8 33. Bd5 c4
34. Kf1 Rf8 35. Rg4 Qxf2+ 36. Qxf2 Rxf2+ 37. Kg1 Rf4 38. Rxg6 Rh4 39. Rd6 Nxb2
40. Be6 Kh7 41. Bf5+ Kg8 42. Re6 Nd3 43. Re7 Nf4 44. Rxe5 Ne2+ 45. Kf2 Nxc3 46.
Kg3 Rh6 47. Be6+ Kf8 48. Bxc4 Rg6+ 49. Kf3 Rh6 50. Rf5+ Ke8 51. e5 Rxh3+ 52.
Kg4 Re3 53. Kg5 Re4 54. Bf7+ Ke7 55. Bb3 a5 56. Rf7+ Ke8 57. Kf5 a4 58. Be6 Re2
59. Rxg7 Rf2+ 60. Kg5 Rg2+ 61. Bg4 Nd5 62. Kh6 Rxa2 63. Bh5+ Kd8 64. e6 Ne7 65.
Rf7 Rg2 66. Rf3 b5 67. Rd3+ Kc8 68. Be8 Ng8+ 69. Kh5 Nf6+ 70. Kh4 Nxe8 71. e7
Re2 72. Rd8+ Kc7 73. Rxe8 Kd7 74. Rb8 Rxe7 75. Rxb5 Kc6 76. Ra5 Re4+ 77. Kg3
Kb6 78. Ra8 Kb5 79. Kf3 Re6 80. Rb8+ Rb6 81. Rxb6+ Kxb6 82. Ke3 0-1

[Event "Íslandsmótið í skák - áskorendaflo"]
[Site "Reykjavik"]
[Date "2021.08.08"]
[Round "3.11"]
[White "Omarsson, Adam"]
[Black "Baldursson, Benedikt"]
[Result "0-1"]
[WhiteElo "1546"]
[BlackElo "1714"]
[PlyCount "60"]
[EventDate "2021.08.07"]

1. d4 Nf6 2. c4 e6 3. Nc3 d5 4. cxd5 exd5 5. Bg5 Be7 6. e3 h6 7. Bh4 Bf5 8.
Bxf6 Bxf6 9. Qb3 Nd7 10. Qxd5 Bg6 11. Nb5 O-O 12. Qxb7 c5 13. Qc7 Qe7 14. Qd6
Qxd6 15. Nxd6 cxd4 16. exd4 Rab8 17. Nc4 Rfe8+ 18. Be2 Rb4 19. Kf1 Nf8 20. a3
Rbb8 21. Nf3 Ne6 22. Nfe5 Nxd4 23. Nd7 Rbd8 24. Nxf6+ gxf6 25. Ne3 Nc2 26. Nxc2
Bxc2 27. Re1 Rd2 28. g3 Rdxe2 29. Rxe2 Bd3 30. Kg2 Rxe2 0-1

[Event "Íslandsmótið í skák - áskorendaflo"]
[Site "Reykjavik"]
[Date "2021.08.08"]
[Round "3.12"]
[White "Sveinbjornsson, Gudmundur Orri"]
[Black "Thorisson, Benedikt"]
[Result "0-1"]
[WhiteElo "1037"]
[BlackElo "1624"]
[PlyCount "62"]
[EventDate "2021.08.07"]

1. e4 c5 2. Nc3 e6 3. Nf3 a6 4. d4 cxd4 5. Nxd4 Qc7 6. a3 b5 7. Bd2 Nf6 8. Bd3
Bb7 9. O-O h5 10. Re1 Ng4 11. g3 Bc5 12. Be3 Nxe3 13. fxe3 Qb6 14. Nce2 e5 15.
Nf5 Bxe3+ 16. Nxe3 Qxe3+ 17. Kg2 Bxe4+ 18. Bxe4 Qxe4+ 19. Kg1 Qe3+ 20. Kg2 Qe4+
21. Kg1 Qf3 22. Rf1 Qe3+ 23. Kg2 h4 24. Nc3 h3+ 25. Kh1 Nc6 26. Qd5 O-O 27.
Rae1 Qd4 28. Qf3 Qd2 29. Re2 Qg5 30. Ne4 Qg6 31. g4 Nd4 0-1

[Event "Íslandsmótið í skák - áskorendaflo"]
[Site "Reykjavik"]
[Date "2021.08.08"]
[Round "3.13"]
[White "Briem, Gudrun Fanney"]
[Black "Omarsson, Josef"]
[Result "0-1"]
[WhiteElo "1240"]
[BlackElo "1211"]
[PlyCount "38"]
[EventDate "2021.08.07"]

1. e4 d6 2. d4 Nf6 3. Nc3 g6 4. Bg5 Bg7 5. e5 dxe5 6. dxe5 Qxd1+ 7. Rxd1 Ng4 8.
Nd5 Bxe5 9. Nxe7 f6 10. Bxf6 Bxf6 11. Nxc8 O-O 12. Bc4+ Kh8 13. Be6 Re8 14. Ne2
Rxe6 15. f3 Ne3 16. Rd2 Nc6 17. Kf2 Rxc8 18. Re1 Rce8 19. Rd3 Nxc2 {unreadable}
0-1

[Event "Íslandsmótið í skák - áskorendaflo"]
[Site "Reykjavik"]
[Date "2021.08.09"]
[Round "4.1"]
[White "Thorhallsson, Simon"]
[Black "Petursson, Gudni"]
[Result "1-0"]
[WhiteElo "2199"]
[BlackElo "1988"]
[PlyCount "53"]
[EventDate "2021.08.07"]

1. e4 c6 2. d4 d5 3. e5 Bf5 4. h4 h6 5. g4 Bd7 6. Nc3 e6 7. Be3 Qc7 8. f4 Bb4
9. h5 Ne7 10. Nf3 b6 11. Qd2 c5 12. a3 cxd4 13. Nxd4 Bxc3 14. bxc3 Bc6 15. Bd3
Nd7 16. O-O Nc5 17. f5 exf5 18. Nxf5 Nxf5 19. Bxc5 bxc5 20. Bxf5 O-O 21. Rae1
Rae8 22. g5 Rxe5 23. Qf4 Rfe8 24. gxh6 Qe7 25. Qg3 g5 26. hxg6 Rxe1 27. gxf7+
1-0

[Event "Íslandsmótið í skák - áskorendaflo"]
[Site "Reykjavik"]
[Date "2021.08.09"]
[Round "4.2"]
[White "Bergsson, Stefan"]
[Black "Jensson, Einar Hjalti"]
[Result "1-0"]
[WhiteElo "2158"]
[BlackElo "2349"]
[PlyCount "107"]
[EventDate "2021.08.07"]

1. c4 Nf6 2. Nc3 c5 3. e4 Nc6 4. g3 g6 5. Bg2 Bg7 6. Nge2 d6 7. d3 a6 8. O-O
O-O 9. h3 Rb8 10. a4 Ne8 11. Be3 Nd4 12. Rb1 Nc7 13. b4 Bd7 14. b5 axb5 15.
axb5 Ra8 16. Qc1 Qc8 17. Kh2 Re8 18. Bh6 Bh8 19. Nf4 Ra5 20. Nfd5 Nxd5 21. Nxd5
e6 22. Ne3 Ra2 23. Ng4 e5 24. Ne3 Be6 25. Rb2 Ra3 26. Qb1 Bg7 27. Bxg7 Kxg7 28.
f4 f6 29. Rbf2 Rf8 30. f5 Bd7 31. fxg6 hxg6 32. Nd5 f5 33. Nb6 Qd8 34. Nxd7
Qxd7 35. exf5 Rxf5 36. Be4 Rxf2+ 37. Rxf2 Ra8 38. Qf1 Rh8 39. Bd5 Ne6 40. Qg2
b6 41. Bxe6 Qxe6 42. Qb7+ Kg8 43. g4 e4 44. Ra2 Qe5+ 45. Kg2 Qg7 46. Ra8+ Kh7
47. Qxg7+ Kxg7 48. Rxh8 Kxh8 49. dxe4 Kg7 50. g5 Kf7 51. Kf3 Ke6 52. h4 Ke5 53.
Ke3 Ke6 54. Kf4 1-0

[Event "Íslandsmótið í skák - áskorendaflo"]
[Site "Reykjavik"]
[Date "2021.08.09"]
[Round "4.3"]
[White "Baldursson, Hrannar"]
[Black "Briem, Benedikt"]
[Result "1/2-1/2"]
[WhiteElo "2148"]
[BlackElo "1858"]
[PlyCount "108"]
[EventDate "2021.08.07"]

1. g3 Nf6 2. Bg2 d5 3. c4 e6 4. cxd5 exd5 5. Nf3 Be7 6. O-O O-O 7. d4 Nbd7 8.
Nc3 c6 9. Qd3 Re8 10. a3 Bd6 11. Bg5 h6 12. Bxf6 Nxf6 13. Rfe1 Ne4 14. Nd2 f5
15. f3 Nxc3 16. bxc3 f4 17. gxf4 Bxf4 18. e3 Qh4 19. Nf1 Bd7 20. Re2 Bd6 21. f4
Bg4 22. Rb2 Re7 23. c4 dxc4 24. Qxc4+ Kh8 25. a4 Rae8 26. Rab1 Bxf4 27. exf4
Be2 28. Qc3 Qxf4 29. Re1 Ba6 30. Rxe7 Rxe7 31. Rf2 Qg4 32. Qf3 Qxf3 33. Rxf3
Kh7 34. Kf2 Re4 35. Re3 Rxd4 36. Re4 Rd7 37. Ne3 Bd3 38. Re5 Bg6 39. Be4 Rd4
40. Bxg6+ Kxg6 41. a5 Kf6 42. Rc5 Rd2+ 43. Kg3 Ra2 44. h4 Ra3 45. Kf4 g5+ 46.
hxg5+ hxg5+ 47. Ke4 Kg6 48. Re5 Ra4+ 49. Kf3 Rf4+ 50. Kg3 Kf6 51. Rc5 Re4 52.
Ng4+ Ke6 53. Rxg5 Ra4 54. Kf3 b6 1/2-1/2

[Event "Íslandsmótið í skák - áskorendaflo"]
[Site "Reykjavik"]
[Date "2021.08.09"]
[Round "4.4"]
[White "Johannsson, Birkir Isak"]
[Black "Ptacnikova, Lenka"]
[Result "1-0"]
[WhiteElo "2052"]
[BlackElo "2109"]
[PlyCount "73"]
[EventDate "2021.08.07"]

1. c4 f5 2. Nf3 Nf6 3. g3 g6 4. Bg2 Bg7 5. d4 d6 6. b4 c5 7. bxc5 dxc5 8. e3
O-O 9. O-O Nc6 10. Bb2 Na5 11. Nbd2 cxd4 12. exd4 Qc7 13. Rc1 f4 14. Ne5 Nc6
15. Kh1 Nxe5 16. dxe5 Ng4 17. Nf3 fxg3 18. hxg3 Bh6 19. Rc3 Bf5 20. Nh4 Nxe5
21. Bd5+ Kh8 22. Qe1 Bg7 23. Re3 Nc6 24. Bxg7+ Kxg7 25. Qc3+ e5 26. Rfe1 Kh6
27. Kg2 Rae8 28. Nf3 Be6 29. Rh1+ Kg7 30. Bxe6 Rxf3 31. Rxf3 Rxe6 32. Qd2 Kg8
33. Qd5 Nd4 34. Rf6 Qc6 35. Rxe6 Nxe6 36. Qxc6 bxc6 37. Re1 1-0

[Event "Íslandsmótið í skák - áskorendaflo"]
[Site "Reykjavik"]
[Date "2021.08.09"]
[Round "4.5"]
[White "Gudmundsson, Gunnar Erik"]
[Black "Mai, Alexander Oliver"]
[Result "0-1"]
[WhiteElo "1844"]
[BlackElo "2090"]
[PlyCount "122"]
[EventDate "2021.08.07"]

1. d4 Nf6 2. c4 g6 3. Nc3 Bg7 4. e4 d6 5. Nf3 O-O 6. Be2 e5 7. Be3 Ng4 8. Bg5
f6 9. Bc1 Nc6 10. O-O f5 11. dxe5 Ngxe5 12. exf5 Bxf5 13. Be3 Ng4 14. Qd5+ Kh8
15. Bg5 Qd7 16. Rae1 Rae8 17. Qd2 h6 18. h3 hxg5 19. hxg4 Bxg4 20. Nxg5 Bxe2
21. Rxe2 Rxe2 22. Qxe2 Qf5 23. Qe3 Bd4 24. Qg3 Kg7 25. Nd5 Be5 26. Qe3 Rh8 27.
Rd1 Qg4 28. Rd3 Rh5 29. f4 Rxg5 30. fxg5 Qxc4 31. b3 Qc2 32. a4 Nd8 33. Qd2
Qc5+ 34. Qe3 Qxe3+ 35. Nxe3 Ne6 36. Nc4 Bf4 37. b4 Bxg5 38. g3 Kf6 39. Na5 Nd8
40. Kf2 Ke6 41. Kf3 c6 42. Ke2 b6 43. Nb3 c5 44. Rd1 Nc6 45. b5 Ne5 46. Rh1 d5
47. Rh8 d4 48. a5 d3+ 49. Kd1 c4 50. Nc1 bxa5 51. Ra8 Be3 52. Rd8 Bb6 53. Rc8
Kd5 54. Na2 Kd4 55. Rf8 g5 56. Rf6 c3 57. Rd6+ Kc4 58. Re6 c2+ 59. Kc1 Be3+ 60.
Kb2 Bd4+ 61. Kc1 Kb3 0-1

[Event "Íslandsmótið í skák - áskorendaflo"]
[Site "Reykjavik"]
[Date "2021.08.09"]
[Round "4.6"]
[White "Ragnarsson, Johann"]
[Black "Hardarson, Petur Palmi"]
[Result "0-1"]
[WhiteElo "1916"]
[BlackElo "2084"]
[PlyCount "64"]
[EventDate "2021.08.07"]

1. d4 Nf6 2. c4 g6 3. Nc3 Bg7 4. e4 d6 5. f4 O-O 6. Nf3 c5 7. d5 e6 8. Be2 exd5
9. cxd5 Bg4 10. O-O Nbd7 11. Kh1 a6 12. a4 Ne8 13. Ra3 Rb8 14. a5 Nc7 15. h3
Bxf3 16. Bxf3 b5 17. axb6 Rxb6 18. g4 Nb5 19. Nxb5 axb5 20. g5 c4 21. f5 Be5
22. Qe1 b4 23. Ra7 c3 24. Qh4 cxb2 25. Bxb2 Bxb2 26. Rxd7 Qxd7 27. f6 Kh8 28.
Qh6 Rg8 29. Bd1 Be5 30. Bg4 Qa4 31. Rc1 Qa2 32. Kg1 Qh2+ 0-1

[Event "Íslandsmótið í skák - áskorendaflo"]
[Site "Reykjavik"]
[Date "2021.08.09"]
[Round "4.7"]
[White "Gudnyjarson, Sigurdur Pall"]
[Black "Jonsson, Gauti Pall"]
[Result "0-1"]
[WhiteElo "1207"]
[BlackElo "2070"]
[PlyCount "86"]
[EventDate "2021.08.07"]

1. d4 Nf6 2. c4 g6 3. Nc3 Bg7 4. Nf3 d6 5. Bg5 h6 6. Bf4 Nh5 7. Bg3 Nxg3 8.
hxg3 c5 9. e3 Bg4 10. Be2 cxd4 11. Nxd4 Bxe2 12. Ndxe2 Nc6 13. Qc2 Rc8 14.
O-O-O Qa5 15. Kb1 Ne5 16. b3 Nxc4 17. bxc4 Rxc4 18. Rd3 O-O 19. Rh4 Rc6 20. Qa4
Qf5 21. Qe4 Qa5 22. Qa4 Rb6+ 23. Kc2 Qc5 24. Rc4 Qf5 25. Rf4 Qc8 26. Rc4 Rc6
27. Rxc6 bxc6 28. Nd4 c5 29. Nf3 Qb7 30. Qb5 Qa8 31. Qc4 Qb7 32. Qb5 Qa8 33.
Qc4 Rb8 34. Qd5 Rb7 35. Rd1 Qb8 36. Kd3 e6 37. Qc4 d5 38. Qa4 c4+ 39. Kd2 Rb2+
40. Ke1 Bxc3+ 41. Nd2 Rxd2 42. Rxd2 Qb2 43. Qd1 Qxa2 0-1

[Event "Íslandsmótið í skák - áskorendaflo"]
[Site "Reykjavik"]
[Date "2021.08.09"]
[Round "4.8"]
[White "Bjornsson, Eirikur K."]
[Black "Skarphedinsson, Ingvar Wu"]
[Result "0-1"]
[WhiteElo "1972"]
[BlackElo "1616"]
[PlyCount "120"]
[EventDate "2021.08.07"]

1. c4 e6 2. Nc3 d5 3. d4 Nf6 4. cxd5 exd5 5. Bg5 c6 6. Qc2 Be7 7. e3 h6 8. Bh4
Be6 9. Bd3 Nbd7 10. Nf3 O-O 11. O-O Rc8 12. Rad1 Bg4 13. Bf5 Bxf5 14. Qxf5 Nh7
15. Bg3 Nb6 16. Ne5 Bd6 17. e4 Nf6 18. f3 Nc4 19. Nxc4 Bxg3 20. Ne3 g6 21. Qh3
Bf4 22. Nc2 h5 23. e5 Nh7 24. g3 Bh6 25. g4 Ng5 26. Qg2 Kh7 27. h4 Ne6 28. g5
Bg7 29. f4 Qb6 30. b4 a5 31. a3 axb4 32. axb4 Rg8 33. Kh1 Bf8 34. f5 Ng7 35.
Qe2 Re8 36. fxg6+ fxg6 37. Rf7 Re7 38. Rdf1 Rxf7 39. Rxf7 Bxb4 40. Qd3 Rf8 41.
Rf6 Rxf6 42. gxf6 Nf5 43. Ne2 Bf8 44. Nf4 Bh6 45. Ne6 Kg8 46. Kh2 Kf7 47. Nc5
Bf4+ 48. Kh3 Qb1 49. Kg2 Nxh4+ 50. Kf2 Qh1 51. Ne1 Qh2+ 52. Kf1 Bg3 53. e6+
Kxf6 54. Qe3 Qh1+ 55. Ke2 Qxe1+ 56. Kd3 Qxe3+ 57. Kxe3 Bd6 58. Nxb7 Nf5+ 59.
Kd3 Kxe6 60. Nd8+ Kd7 0-1

[Event "Íslandsmótið í skák - áskorendaflo"]
[Site "Reykjavik"]
[Date "2021.08.09"]
[Round "4.9"]
[White "Baldursson, Benedikt"]
[Black "Thorisson, Benedikt"]
[Result "0-1"]
[WhiteElo "1714"]
[BlackElo "1624"]
[PlyCount "104"]
[EventDate "2021.08.07"]

1. d4 Nf6 2. c4 g6 3. Nc3 d5 4. h3 Bg7 5. Nf3 O-O 6. Bf4 a6 7. e3 Nc6 8. a3 Re8
9. cxd5 Nxd5 10. Bg3 Bf5 11. Bc4 Nxc3 12. bxc3 e5 13. O-O Qe7 14. a4 Rad8 15.
Re1 e4 16. Nd2 Qd7 17. a5 Be6 18. Be2 f5 19. Nb3 Bf8 20. c4 Bf7 21. c5 Qe6 22.
Nd2 Rd7 23. Bc4 Qf6 24. Qb3 Rb8 25. Bxf7+ Qxf7 26. Qxf7+ Kxf7 27. Nc4 Be7 28.
Rab1 Ke6 29. Rb3 Kd5 30. Nb6+ cxb6 31. Bxb8 Nxb8 32. cxb6 Nc6 33. Rc1 Bf8 34.
Kf1 Bd6 35. Ke2 Nxa5 36. Rbc3 Nc6 37. f3 Re7 38. fxe4+ Rxe4 39. Kf3 h5 40. Rg1
h4 41. Rgc1 g5 42. Rc4 Re8 43. R4c2 a5 44. Rc4 Bb4 45. R4c2 a4 46. Re2 a3 47.
g3 hxg3 48. Kxg3 f4+ 49. Kf3 fxe3 50. Rxe3 Nxd4+ 51. Kf2 Rf8+ 52. Kg2 Bd2 0-1

[Event "Íslandsmótið í skák - áskorendaflo"]
[Site "Reykjavik"]
[Date "2021.08.09"]
[Round "4.11"]
[White "Omarsson, Josef"]
[Black "Omarsson, Adam"]
[Result "0-1"]
[WhiteElo "1211"]
[BlackElo "1546"]
[PlyCount "52"]
[EventDate "2021.08.07"]

1. d4 Nf6 2. Bf4 g6 3. e3 Bg7 4. Nf3 O-O 5. Be2 d6 6. O-O c5 7. c4 cxd4 8. exd4
Nc6 9. Nc3 Bg4 10. h3 Bxf3 11. Bxf3 Qb6 12. d5 Nd4 13. Na4 Nxf3+ 14. Qxf3 Qb4
15. b3 b5 16. Qc3 Qxc3 17. Nxc3 bxc4 18. bxc4 Rac8 19. Rfe1 Rxc4 20. Bd2 Ne4
21. Rad1 Nxd2 22. Rxe7 Bxc3 23. Rxa7 Rd4 24. Rc1 Bb4 25. Rac7 Rxd5 26. a4 Ne4
0-1

[Event "Íslandsmótið í skák - áskorendaflo"]
[Site "Reykjavik"]
[Date "2021.08.09"]
[Round "4.12"]
[White "Heidarsson, Mikael Bjarki"]
[Black "Johannsson, Markus Orri"]
[Result "1-0"]
[WhiteElo "1473"]
[BlackElo "1117"]
[PlyCount "47"]
[EventDate "2021.08.07"]

1. d4 Nf6 2. c4 e6 3. g3 b6 4. Bg2 c6 5. e4 Bb4+ 6. Bd2 Bxd2+ 7. Qxd2 Bb7 8. e5
Ng4 9. Nc3 Qc7 10. Ne4 O-O 11. Qg5 Nh6 12. Nd6 Ba6 13. Ne2 f6 14. exf6 Rxf6 15.
Ne8 Qd8 16. Nxf6+ Qxf6 17. Qxf6 gxf6 18. b3 d5 19. cxd5 cxd5 20. Nf4 Kf7 21.
Kd2 Nc6 22. Ke3 Nb4 23. Rhc1 Ng8 24. a3 1-0

[Event "Íslandsmótið í skák - áskorendaflo"]
[Site "Reykjavik"]
[Date "2021.08.10"]
[Round "5.1"]
[White "Thorhallsson, Simon"]
[Black "Bergsson, Stefan"]
[Result "1-0"]
[WhiteElo "2199"]
[BlackElo "2158"]
[PlyCount "65"]
[EventDate "2021.08.07"]

1. e4 c5 2. Nf3 d6 3. d4 cxd4 4. Nxd4 Nf6 5. Nc3 a6 6. Be3 e5 7. Nb3 Be6 8. f3
Be7 9. Qd2 h5 10. O-O-O Nbd7 11. Kb1 Rc8 12. Nd5 Nxd5 13. exd5 Bf5 14. Rc1 Nb6
15. Na5 O-O 16. Nxb7 Qc7 17. Na5 Bf6 18. Ka1 Na4 19. Nb3 Rb8 20. Bg5 Qe7 21.
Bxf6 Qxf6 22. c3 Qg6 23. Rg1 Rb6 24. g4 Rfb8 25. gxf5 Qxg1 26. Bc4 Qxc1+ 27.
Qxc1 a5 28. f6 gxf6 29. Qh6 e4 30. fxe4 Nc5 31. Nxc5 Rxb2 32. Bb3 Rxh2 33. Nd7
1-0

[Event "Íslandsmótið í skák - áskorendaflo"]
[Site "Reykjavik"]
[Date "2021.08.10"]
[Round "5.2"]
[White "Mai, Alexander Oliver"]
[Black "Johannsson, Birkir Isak"]
[Result "0-1"]
[WhiteElo "2090"]
[BlackElo "2052"]
[PlyCount "89"]
[EventDate "2021.08.07"]

1. e4 c5 2. Nf3 d6 3. d4 cxd4 4. Nxd4 Nf6 5. Nc3 a6 6. Bg5 Nbd7 7. f4 Qc7 8.
Qf3 h6 9. Bh4 g5 10. fxg5 hxg5 11. Bxg5 Qc5 12. Nf5 e6 13. O-O-O exf5 14. exf5
Bg7 15. Be2 Rb8 16. Rhe1 Kf8 17. g4 b5 18. Be3 Qb4 19. Bf4 Bb7 20. Qg3 Ne4 21.
Bxd6+ Nxd6 22. Qxd6+ Qxd6 23. Rxd6 Bxc3 24. bxc3 Nc5 25. c4 Rxh2 26. cxb5 Re8
27. Kd1 Rhxe2 28. Rxe2 Bf3 29. Rdd2 Rxe2 30. Rxe2 axb5 31. Ke1 Bxe2 32. Kxe2
Ke7 33. Ke3 f6 34. a3 Kd6 35. c4 bxc4 36. Kd4 Nd7 37. Kxc4 Ne5+ 38. Kb5 Nxg4
39. a4 Ne3 40. a5 Nxf5 41. a6 Kc7 42. Kc5 Ne7 43. a7 Kb7 44. Kd6 f5 45. Ke5 0-1

[Event "Íslandsmótið í skák - áskorendaflo"]
[Site "Reykjavik"]
[Date "2021.08.10"]
[Round "5.3"]
[White "Hardarson, Petur Palmi"]
[Black "Petursson, Gudni"]
[Result "1-0"]
[WhiteElo "2084"]
[BlackElo "1988"]
[PlyCount "63"]
[EventDate "2021.08.07"]

1. d4 Nf6 2. c4 g6 3. Nc3 d5 4. cxd5 Nxd5 5. e4 Nxc3 6. bxc3 Bg7 7. Be3 O-O 8.
Nf3 c5 9. Be2 Nc6 10. O-O cxd4 11. cxd4 Bg4 12. d5 Bxa1 13. Qxa1 Na5 14. Bh6 f6
15. Bxf8 Qxf8 16. Qd4 Bxf3 17. Bxf3 Qc8 18. e5 fxe5 19. Qxe5 Nc4 20. Qxe7 Nd2
21. d6 Nxf3+ 22. gxf3 Qf8 23. Qxb7 Rd8 24. d7 Qf7 25. Rd1 Qf6 26. Qxa7 Qxf3 27.
Qd4 Qe2 28. a4 h5 29. Rd3 Qe1+ 30. Kg2 Qe6 31. Qd5 Kf7 32. Rf3+ 1-0

[Event "Íslandsmótið í skák - áskorendaflo"]
[Site "Reykjavik"]
[Date "2021.08.10"]
[Round "5.4"]
[White "Jonsson, Gauti Pall"]
[Black "Skarphedinsson, Ingvar Wu"]
[Result "1/2-1/2"]
[WhiteElo "2070"]
[BlackElo "1616"]
[PlyCount "104"]
[EventDate "2021.08.07"]

1. e4 e6 2. d4 d5 3. Nc3 Nf6 4. e5 Ne4 5. Nxe4 dxe4 6. Nh3 b6 7. Bb5+ c6 8. Bc4
Bb7 9. O-O c5 10. Bg5 Qxd4 11. Qe2 Nc6 12. Rad1 Qxe5 13. f4 Qc7 14. f5 Nd4 15.
Rxd4 cxd4 16. Bb5+ Bc6 17. fxe6 f6 18. Rxf6 gxf6 19. Qh5+ Kd8 20. Bxf6+ Be7 21.
Bxh8 d3 22. Be5 Qb7 23. Bxc6 Qxc6 24. Qxh7 Qc5+ 25. Nf2 dxc2 26. Qg8+ Bf8 27.
e7+ Kd7 28. exf8=N+ Rxf8 29. Qg4+ Kd8 30. Qg5+ Kc8 31. Qg4+ Kb7 32. Qxe4+ Ka6
33. Qa4+ Kb7 34. Qe4+ Qc6 35. Qxc6+ Kxc6 36. Nd3 Kd5 37. Nb4+ Kxe5 38. Nxc2 Rd8
39. Ne1 Rd1 40. Kf2 Rd2+ 41. Ke3 Rd7 42. g4 Kf6 43. Nf3 Re7+ 44. Kf4 Re2 45. h4
Rxb2 46. h5 Rxa2 47. g5+ Kg7 48. Nd4 Ra4 49. Ke5 Ra5+ 50. Kf4 Ra4 51. Ke5 Ra5+
52. Kf4 Ra4 1/2-1/2

[Event "Íslandsmótið í skák - áskorendaflo"]
[Site "Reykjavik"]
[Date "2021.08.10"]
[Round "5.5"]
[White "Jensson, Einar Hjalti"]
[Black "Baldursson, Hrannar"]
[Result "1-0"]
[WhiteElo "2349"]
[BlackElo "2148"]
[PlyCount "71"]
[EventDate "2021.08.07"]

1. d4 d6 2. Nf3 Nf6 3. g3 g6 4. Bg2 Bg7 5. O-O O-O 6. c4 Na6 7. b3 c6 8. Nc3
Bd7 9. e4 e5 10. dxe5 dxe5 11. Ba3 Re8 12. Qc2 Bg4 13. h3 Bxf3 14. Bxf3 Nc7 15.
Rad1 Qc8 16. Bg2 Ne6 17. Ne2 c5 18. f4 exf4 19. gxf4 Nh5 20. e5 Bh6 21. Qe4 Rb8
22. Bb2 Neg7 23. Rd3 Rd8 24. Rfd1 Rxd3 25. Rxd3 Nf5 26. Kh2 Qe6 27. Bf3 Nhg7
28. Bg4 Qe7 29. Nc3 Qh4 30. Kg2 Ne6 31. Nd5 Rd8 32. Bc1 Kh8 33. Bd2 b6 34. Be1
Rxd5 35. Bxh4 Nxf4+ 36. Kg1 1-0

[Event "Íslandsmótið í skák - áskorendaflo"]
[Site "Reykjavik"]
[Date "2021.08.10"]
[Round "5.6"]
[White "Thorisson, Benedikt"]
[Black "Briem, Benedikt"]
[Result "0-1"]
[WhiteElo "1624"]
[BlackElo "1858"]
[PlyCount "102"]
[EventDate "2021.08.07"]

1. e4 c5 2. Nf3 Nc6 3. d4 cxd4 4. Nxd4 Nf6 5. Nc3 h5 6. Bc4 e6 7. Bf4 Qa5 8.
O-O e5 9. Nxc6 dxc6 10. Bg5 Be7 11. Qd3 b5 12. Bb3 Ba6 13. Bxf6 gxf6 14. Rad1
b4 15. Qd7+ Kf8 16. Qxc6 Rc8 17. Qd5 Qxd5 18. Nxd5 Bxf1 19. Kxf1 Bc5 20. Nxf6
Bd4 21. f4 Kg7 22. Nd5 Bxb2 23. Nxb4 Rcd8 24. Nd3 Bc3 25. f5 Kf6 26. Ke2 Rhg8
27. Kf3 Rd4 28. Bd5 Rg4 29. Rb1 Rxd5 30. exd5 e4+ 31. Ke3 exd3 32. Kxd3 Be5 33.
g3 Rd4+ 34. Ke3 Rxd5 35. Rb4 Kxf5 36. Rb7 f6 37. Rb4 Ra5 38. a4 Rc5 39. Kd3
Rc3+ 40. Kd2 Rc7 41. Rh4 Kg5 42. Re4 Rd7+ 43. Ke3 Rd1 44. Rh4 Rh1 45. Kf3 Rb1
46. Re4 a5 47. h4+ Kf5 48. c4 Rf1+ 49. Ke2 Kxe4 50. Kxf1 Kf3 51. g4 Kxg4 0-1

[Event "Íslandsmótið í skák - áskorendaflo"]
[Site "Reykjavik"]
[Date "2021.08.10"]
[Round "5.7"]
[White "Ptacnikova, Lenka"]
[Black "Kristjansson, Halldor"]
[Result "1-0"]
[WhiteElo "2109"]
[BlackElo "1559"]
[PlyCount "87"]
[EventDate "2021.08.07"]

1. e4 c5 2. Nc3 d6 3. f4 g6 4. Nf3 Bg7 5. Bc4 Be6 6. Bxe6 fxe6 7. Ng5 Qd7 8.
Qg4 Bxc3 9. bxc3 e5 10. Qxd7+ Nxd7 11. Rb1 b6 12. d3 h6 13. Nf3 Ngf6 14. fxe5
Nxe5 15. Nxe5 dxe5 16. c4 Kd7 17. O-O Raf8 18. Bd2 Kd6 19. a4 g5 20. a5 Nd7 21.
Rxf8 Rxf8 22. axb6 axb6 23. h4 gxh4 24. Bxh6 Rg8 25. Kh2 Nf6 26. Bd2 Kc6 27.
Rf1 Rg7 28. Rf3 b5 29. cxb5+ Kxb5 30. c4+ Kc6 31. Be1 Rh7 32. Rh3 Kd6 33. Rxh4
Ng4+ 34. Kg3 Rxh4 35. Kxh4 Ne3 36. Kg3 Nc2 37. Kf2 Ke6 38. Bc3 Kf6 39. Ke2 e6
40. Kd2 Nd4 41. Bxd4 exd4 42. Ke2 e5 43. Kf3 Kg7 44. Kg4 1-0

[Event "Íslandsmótið í skák - áskorendaflo"]
[Site "Reykjavik"]
[Date "2021.08.10"]
[Round "5.8"]
[White "Omarsson, Adam"]
[Black "Ragnarsson, Johann"]
[Result "0-1"]
[WhiteElo "1546"]
[BlackElo "1916"]
[PlyCount "126"]
[EventDate "2021.08.07"]

1. d4 Nf6 2. c4 e5 3. dxe5 Ng4 4. Qd4 d6 5. exd6 Bxd6 6. Nf3 O-O 7. Nc3 Na6 8.
Bg5 Qe8 9. Qe4 Be6 10. h3 f5 11. Qb1 Ne5 12. Nxe5 Bxe5 13. g4 f4 14. Qe4 Bd6
15. Bh4 Nc5 16. Qc2 Bxc4 17. e4 Bxf1 18. Kxf1 f3 19. Re1 Qg6 20. b4 Ne6 21. Qb3
Be5 22. Nd5 Kh8 23. Ne7 Qh6 24. Nf5 Nd4 25. Qd5 Qa6+ 26. b5 Qxb5+ 27. Qxb5 Nxb5
28. Rb1 Nc3 29. Rxb7 Rab8 30. Rb3 Rxb3 31. axb3 Rb8 32. Ke1 Rxb3 33. Kd2 Nxe4+
34. Kc2 Rc3+ 35. Kd1 Bf4 36. Ne3 Nxf2+ 37. Bxf2 Bxe3 38. Bxe3 Rxe3 39. Kd2 Re2+
40. Kd3 Ra2 41. Re1 h6 42. Rf1 a5 43. Ke4 f2 44. Kf5 Kh7 45. h4 Re2 46. g5 g6+
47. Kf6 h5 48. Rd1 Rd2 49. Rc1 Rd7 50. Ke6 Rd6+ 51. Ke5 Rd2 52. Kf6 c5 53. Rb1
Rd7 54. Rf1 Rd8 55. Kf7 Rd2 56. Rb1 Re2 57. Kf6 Re8 58. Rf1 a4 59. Kf7 Re2 60.
Kf6 a3 61. Rd1 Re8 62. Rf1 a2 63. Kf7 Re1 0-1

[Event "Íslandsmótið í skák - áskorendaflo"]
[Site "Reykjavik"]
[Date "2021.08.10"]
[Round "5.9"]
[White "Heidarsson, Mikael Bjarki"]
[Black "Gudmundsson, Gunnar Erik"]
[Result "0-1"]
[WhiteElo "1473"]
[BlackElo "1844"]
[PlyCount "66"]
[EventDate "2021.08.07"]

1. d4 Nf6 2. c4 e6 3. g3 d5 4. Bg2 c6 5. Nc3 Bd6 6. Bg5 Nbd7 7. Nf3 O-O 8. e4
dxe4 9. Nxe4 Be7 10. Bxf6 Nxf6 11. Nxf6+ Bxf6 12. O-O Qb6 13. Qd2 Rd8 14. Rad1
g6 15. Qf4 Bg7 16. Ne5 Qc7 17. Rfe1 f6 18. Nxg6 e5 19. Nxe5 fxe5 20. dxe5 Be6
21. Rxd8+ Rxd8 22. b3 Qa5 23. Qe3 Qxa2 24. f4 Rd2 25. Qf3 Bg4 26. Qe4 Bf8 27.
h3 Bxh3 28. Bxh3 Bc5+ 29. Re3 Re2 30. Kf1 Bxe3 31. Qd3 Rf2+ 32. Ke1 Qa1+ 33.
Qd1 Qc3+ 0-1

[Event "Íslandsmótið í skák - áskorendaflo"]
[Site "Reykjavik"]
[Date "2021.08.10"]
[Round "5.10"]
[White "Jonsson, Johann"]
[Black "Gudnyjarson, Sigurdur Pall"]
[Result "1-0"]
[WhiteElo "1723"]
[BlackElo "1207"]
[PlyCount "57"]
[EventDate "2021.08.07"]

1. e4 e6 2. d4 d5 3. Nd2 Nf6 4. Bd3 c5 5. exd5 exd5 6. dxc5 Bxc5 7. Nb3 Be7 8.
h3 O-O 9. Nf3 b6 10. c3 Re8 11. O-O Ba6 12. Bf4 Bxd3 13. Qxd3 h6 14. Rad1 Bd6
15. Bxd6 Qxd6 16. Nfd4 Nbd7 17. Nb5 Qc6 18. N3d4 Qc4 19. Qxc4 dxc4 20. Nc7 Rac8
21. Nxe8 Rxe8 22. Rfe1 Kf8 23. Rxe8+ Kxe8 24. Nb5 a5 25. Nd6+ Ke7 26. Nxc4 Nc5
27. Nxb6 Ke6 28. Re1+ Kd6 29. Nc4+ 1-0